00578cam a22002057a 4500003000500000005001700005008004100022010000900063011000900072035000900081040000900090082001600099110007200115245001900187260003300206300002300239650004700262650003300309650003000342CHAP20220329133419.0971013s1992 r 00010 d a6092 a7064 a6287 cCHAP a309.172bM4 aMéxico. Departamento del Distrito Federal. Delegación Iztacalco 0aIztacalco 1992 aMéxico, D.F. :bDDF,c1992 a295 p.b; gráfs.14aMéxico (D.F.)xCondiciones económicas.14aPresupuestoxMéxico (D.F.)14aViviendaxMéxico (D.F.)